Irak lázadása, 1920

Elmentve itt :
Bibliográfiai részletek
Szerző: Ferwagner Péter Ákos
Dokumentumtípus: Cikk
Megjelent: 2022
Sorozat:ACTA HISTORICA (SZEGED) 147/2
Tárgyszavak:
mtmt:33423600
Online Access:http://publicatio.bibl.u-szeged.hu/25873
LEADER 00638nab a2200193 i 4500
001 publ25873
005 20221222160228.0
008 221222s2022 hu o 0|| Magyar d
022 |a 0324-6965 
024 7 |a 33423600  |2 mtmt 
040 |a SZTE Publicatio Repozitórium  |b hun 
041 |a Magyar 
100 1 |a Ferwagner Péter Ákos 
245 1 0 |a Irak lázadása, 1920  |h [elektronikus dokumentum] /  |c  Ferwagner Péter Ákos 
260 |c 2022 
300 |a 11-20 
490 0 |a ACTA HISTORICA (SZEGED)  |v 147/2 
650 4 |a Történettudomány és régészet 
856 4 0 |u http://publicatio.bibl.u-szeged.hu/25873/1/Iraklazadasa1920.pdf  |z Dokumentum-elérés